Cabinet determinants of structural reforms in Latin America: 1985-2000 /
Uloženo v:
| Hlavní autor: | |
|---|---|
| Další autoři: | |
| Médium: | Text |
| Témata: | |
| Tagy: |
Přidat tag
Žádné tagy, Buďte první, kdo vytvoří štítek k tomuto záznamu!
|
MARC
| LEADER | 00000 a a2200000 04500 | ||
|---|---|---|---|
| 001 | 18616 | ||
| 003 | |||
| 040 | |||
| 100 | |a Altman, David | ||
| 245 | |a Cabinet determinants of structural reforms in Latin America: 1985-2000 / |c David Altman ; Rossana Castiglioni | ||
| 650 | |a REFORMA POLITICA | ||
| 650 | |a GOBIERNO | ||
| 650 | |a POLTICA | ||
| 650 | |a AMERICA LATINA | ||
| 700 | |a Castiglioni, Rossana | ||
| 773 | |g volumen 46, número 1; páginas 1-25 | ||
| 999 | |c 35425 |d 35425 | ||
